Responses for Show #4150 - Friday, September 20, 2002

2002 Back to School Week game 5.

Contestants

[<< previous game]

Mike Scott, an eleven-year-old from Lake Villa, Illinois

David McIntyre, a twelve-year-old from Riverside, California

Josh Charnin-Aker, a twelve-year-old from Lighthouse Point, Florida

[next game >>]

Jeopardy! Round responses

AMERICAN LITERATURE
TV OR NOT TV
(Alex: I will give you 3 titles; you have to identify the one that is not a television series.)
SWEET STUFF
SUMMER CAMP
HI THERE
"LO" THERE
(Alex: Each correct response will begin with the letters "L-O".)
    $200 6
Tom Sawyer

David
    $200 3
(David: What are The Banana Splits?)

The Onionheads

JoshDavid
    $200 12
pudding

Mike
    $200 9
(Josh: What is put your name on it?)

label it

Josh
    $200 17
Moscow

Josh
    $200 1
loaf

Triple Stumper
    $400 7
"Little Women"

David
    $400 4
Rhino Rick

Mike
    $400 13
Oreos

Josh
    $400 22
fingers

Josh
    $400 18
Tokyo

Mike
    $400 2
lodge

Mike
    $600 8
"Moby Dick"

Mike
    $600 5
Bug People

David
    $600 14
apple pie

Josh
    $600 23
J-Stroke

David
    $600 26
Egypt

David
    $600 10
lollipop

Triple Stumper
    $800 24
"The Old Man and the Sea"

Josh
    $800 19
Ronnie Racehorse

Triple Stumper
    $800 15
(David: What is tuna?)

Swedish Fish

David
Triple Stumper
    $800 28
(Alex: And as a little bit of information, I would like to point out that Sarah, a member of our Clue Crew, is now an expert on [*]; I will not tell you why!)

poison ivy

Josh
    $800 27
(David: What is Egypt... Saudi Arabia?)
...
(Alex: We were going for the language, not the country.)

Arabic

David
Triple Stumper
    $800 11
loom

Mike
    $1000 25
(Alex: The song was "The Battle Hymn of the Republic".)

"The Grapes of Wrath"

Triple Stumper
    $1000 20
Gomez & Gillie

Triple Stumper
    $1000 16
Bundt cake

Triple Stumper
    $1000 29
kindling

David
    $1,000 30
Dakota

David
    $1000 21
(Mike: What are love doves?)
(Josh: What are lovebirds?)

lovey-dovey

JoshMike
Triple Stumper

Scores at the first commercial break (after clue 16):

Josh David Mike
$1,400 $200 $2,400

Scores at the end of the Jeopardy! Round:

Josh David Mike
$2,600 $2,600 $1,800

Double Jeopardy! Round responses

FIRST LADIES
THE SPORTS CHANNEL
MEXICO
IT'S A FACT
SCIENCE PRIZES
STARTS WITH 2 VOWELS
(Alex: Each correct response, of course.)
    $400 16
Laura Bush

David
    $400 1
soccer

Mike
    $400 4
tortilla

Mike
    $400 14
(David: What is a komodo dragon?)

sea turtle

David
Triple Stumper
    $400 23
gold medal

Mike
    $400 7
ounces

Mike
    $800 17
Jacqueline Kennedy

Josh
    $800 2
baseball

Josh
    $800 9
the Rio Grande

Mike
    $800 15
20

Mike
    $800 24
rubber

David
    $800 8
auditorium

David
    $1200 3
WNBA

David
    $1200 12
newspapers

Josh
    $1200 18
koala bear

Mike
    $1200 25
algebra

Triple Stumper
    $2,600 10
the Eiffel Tower

Mike
    $1600 5
Daytona Beach

Mike
    $1600 21
(David: Who is Bolivar?)

Hernando Cortes

David
Triple Stumper
    $1600 19
(Mike: What is a blacksmith?)

Smith

JoshMike
    $1600 26
Technology

David
    $1600 11
the Euphrates

David
    $2000 6
the Kentucky Derby

Mike
    $2000 22
(Alex: With a minute to go now.)

Santa Anna

Josh
    $2000 20
CPR

David
    $2000 27
[The end-of-round signal sounds.]

chemistry

Triple Stumper
    $2000 13
iodine

Triple Stumper

Scores at the end of the Double Jeopardy! Round:

Josh David Mike
$9,000 $9,000 $10,800

[wagering suggestions for these scores]

Final Jeopardy! Round responses

HISTORIC OBJECTS
[Josh's response was revealed first.]
JoshWhat is Plymouth Rock?
$1,801
DavidWhat is Plymouth Rock [Hi Mom, Howard, Dad]
$9,000
MikeWhat is Plymouth Rock
$7,200
Plymouth Rock

Tiebreaker Round responses

LITERARY CHARACTERS
(Alex: That is right, & what a finish to this week! We'll see you next week with regular games!)

Professor Dumbledore

Mike

Final scores:

Josh David Mike
$10,801 $18,000 $18,000
3rd place: $1,000 + a Northstar Portable PC 2nd place: $2,000 + a Northstar Portable PC Winner: $18,000 + a Northstar Portable PC

Game dynamics:

Coryat scores:

Josh David Mike
$9,000 $9,000 $9,400
13 R,
1 W
14 R
(including 1 DD),
5 W
16 R
(including 1 DD),
2 W

Combined Coryat: $27,400

[game clues] [game scores] [suggest correction]

Game tape date: 2002-07-22
The J! Archive is created by fans, for fans. Scraping, republication, monetization, and malicious use prohibited; this site may use cookies and collect identifying information. See terms. The Jeopardy! game show and all elements thereof, including but not limited to copyright and trademark thereto, are the property of Jeopardy Productions, Inc. and are protected under law. This website is not affiliated with, sponsored by, or operated by Jeopardy Productions, Inc. Join the discussion at JBoard.tv.